Bytový dom

Guardado en:
Detalles Bibliográficos
Autor principal: Riečičiarová, Laura (Autor)
Otros Autores: Matúšek, Richard (Orientador)
Formato: Manuscrito Libro
Lenguaje:eslovaco
Publicado: 2020
Materias:
Acceso en línea:http://is.stuba.sk/zp/portal_zp.pl?podrobnosti=144243
https://opac.crzp.sk/?fn=detailBiblioForm&sid=551040C4B46A551A426DF5C2BF23
Etiquetas: Agregar Etiqueta
Sin Etiquetas, Sea el primero en etiquetar este registro!

MARC

LEADER 00000ntm a22000003a 4500
001 stuzp80310
003 SK-STU
005 20230522105333.9
007 ta
008 150427s2015----xo-----f-mn---000-0-slo-d
040 |a STU  |b slo 
041 0 |a slo 
100 1 |a Riečičiarová, Laura  |u 010270  |4 aut  |U SvF Stavebná fakulta  |T SvF Katedra technológie stavieb  |X 93278  |U V270  |Y 28  |7 93278 
242 0 1 |a Flat House  |y eng 
245 1 0 |a Bytový dom 
260 |c 2020 
650 4 |a bytový dom  |2 slo 
650 4 |a monolitické konštrukcie  |2 slo 
650 4 |a projekt organizácie výstavby  |2 slo 
650 4 |a exteriérové jazierko  |2 slo 
650 4 |a flat house  |2 eng 
650 4 |a monolithic construction  |2 eng 
650 4 |a construction organization structure  |2 eng 
650 4 |a exterior pond  |2 eng 
700 1 |a Matúšek, Richard  |u 010270  |k Z1  |4 ths  |U SvF Stavebná fakulta  |T SvF Katedra technológie stavieb  |X 17812  |U V270  |Y 28  |7 A000017812 
856 4 |u http://is.stuba.sk/zp/portal_zp.pl?podrobnosti=144243 
856 4 |u https://opac.crzp.sk/?fn=detailBiblioForm&sid=551040C4B46A551A426DF5C2BF23